King Crimson - I Talk To The Wind - Lyrics - Statistics

General Stats
  • This quiz has been taken 27 times
  • The average score is 143 of 161
Answer Stats
Hint Answer % Correct
do
100%
hear
100%
Chorus I
100%
in
100%
My
100%
my
100%
talk
100%
the
100%
The
100%
to
100%
wind
100%
and
95%
And
95%
cannot
95%
does
95%
not
95%
you
95%
Verse 3 You
95%
been?
90%
been
90%
late
90%
man
90%
straight
90%
Where
90%
between
85%
have
85%
here
85%
Verse 2 I'm
85%
I've
85%
me
85%
Verse 1 Said
85%
there
85%
What
85%
words
85%
are
80%
away
80%
carried
80%
all
75%
All
75%
Just
75%
see?
75%
don't
70%
Don't
70%
inside
70%
mind
70%
time
70%
up
70%
confusion,
65%
impress
65%
looking
65%
on
65%
or
65%
outside
65%
possess
65%
around
60%
conduct
60%
use
60%
Can't
55%
Much
55%
dissillusion
50%
upset
45%
instruct
40%
No matching quizzes found
Score Distribution
Percent of People with Each Score
Percentile by Number Answered
Your Score History
You have not taken this quiz